Law relating to criminal trials (Record no. 343955)

000 -LEADER
fixed length control field 00389cam a22001457a 4500
008 - FIXED-LENGTH DATA ELEMENTS--GENERAL INFORMATION
fixed length control field 180718b1989 xxu||||| |||| 00| 0 eng d
082 ## - DEWEY DECIMAL CLASSIFICATION NUMBER
Classification number H52x54 D451
100 ## - MAIN ENTRY--PERSONAL NAME
Personal name Desai, M.C.
245 ## - TITLE STATEMENT
Title Law relating to criminal trials
Statement of responsibility, etc. by M.C Desai and R. Mitra
250 ## - EDITION STATEMENT
Edition statement 2nd
260 ## - PUBLICATION, DISTRIBUTION, ETC.
Place of publication, distribution, etc. Allahabad
Name of publisher, distributor, etc. Law
Date of publication, distribution, etc. 1989
300 ## - PHYSICAL DESCRIPTION
Extent 1207p.
650 ## - SUBJECT ADDED ENTRY--TOPICAL TERM
Topical term or geographic name entry element Criminal procedure - India
700 ## - ADDED ENTRY--PERSONAL NAME
Personal name Mitra, R.
Holdings
Withdrawn status Lost status Damaged status Not for loan Permanent Location Current Location Date acquired Full call number Barcode Date last seen Price effective from Koha item type
        Indian Institute of Public Administration Indian Institute of Public Administration 1993-10-01 H52x54 D451 65323 2018-07-21 2018-07-21 Book

Powered by Koha